000 00474nam a2200181Ia 4500
008 151202s9999||||xx |||||||||||||| ||und||
082 _bPNVM-3751
100 _aRAYMOND EARNEST.
245 _aTHROUGH LITEROTURE TO LIFE.
260 _b"CASSELL & CO,LONDON."
260 _c1937
300 _a253
600 _aRAYMOND EARNEST.
630 _aTHROUGH LITEROTURE TO LIFE.
700 _aRAYMOND EARNEST.
730 _aTHROUGH LITEROTURE TO LIFE.
942 _cBOOK
999 _c1269749
_d1269746